000 00458nam a2200181Ia 4500
001 23271
005 20260414150926.0
008 260414t2014||||xx |||||||||||||| ||spa||
041 _aESP
082 _a628.1
_bG353
100 _aGleason Espíndola, José Arturo
_eAUT
245 0 _aSistemas de agua sustentables en las ciudades
_b
260 _c2014
300 _a331 páginas :
_c25 cm.
650 _aTCA
654 _aCII
942 _cLIB
_dJUS
_fJUS
_2ddc
_n
999 _c23271
_d23271